|
|
|
|
| LEADER |
00000naa a2200000uu 4500 |
| 001 |
vtls010946957 |
| 003 |
SK-MaSNL |
| 005 |
20260302122137.0 |
| 008 |
210902|2000 xo |||||||||||||||||eng| |
| 015 |
|
|
|a SNBRA
|
| 035 |
|
|
|a (urnnbn)urn:nbn:sk:snk:ar-a0bghj
|
| 035 |
|
|
|a (uuid)f33ee820-229d-428c-8a5c-f8d7843a7e4c
|
| 035 |
|
|
|a urn:nbn:sk:snk-aau8lt
|
| 040 |
|
|
|a SNKBUCL
|b slo
|c SNKBUCL
|e AACR2
|
| 041 |
0 |
|
|a eng
|
| 044 |
|
|
|a xo
|c SK
|
| 100 |
1 |
|
|a Paluchiewicz, Bożena
|4 aut
|9 805307
|
| 245 |
1 |
0 |
|a An APPLICATION of MATLAB and SIMULINK CODE for POWER SYSTEM STABILITY and CONTROL SIMULATION
|c Bożena Paluchiewicz, Zbigniew Barton
|
| 700 |
1 |
|
|a Barton, Zbigniew
|4 aut
|9 805302
|
| 773 |
0 |
|
|t Control of power systems
|d Bratislava : Slovak University of Technology Press, 2000
|g S. [46]-51
|z 8022713546
|
| 958 |
|
|
|a OND
|
| 958 |
|
|
|a article11
|
| 958 |
|
|
|a chapter
|
| 999 |
|
|
|c 1276708
|d 1278638
|